| 000 | 00000nam 2200000za 4500 |
| 001 | 9.614754 |
| 003 | CaOODSP |
| 005 | 20230504095922 |
| 007 | ta |
| 008 | 150406|2000||||xxc||||| f|0| 0 eng d |
| 020 | |a0-660-17726-9 |
| 040 | |aCaOODSP|beng |
| 043 | |an-cn--- |
| 086 | 1 |aM41-8/57E |
| 110 | 2 |aGeological Survey of Canada. |
| 245 | 10|aRocks and minerals for the collector : |bCobalt-Belleterre-Timmins, Ontario and Québec / |cby Ann P. Sabina. |
| 260 | |aOttawa - Ontario : |bNatural Resources Canada. |c2000. |
| 300 | |a266p. : |billus., maps, references ; |c25 cm. |
| 490 | 1 |aMiscellaneous report|v57 |
| 500 | |a"This booklet describes mineral, rock, and fossil occurrences in the Cobalt, Timmins, Temagami, Gowganda, Matachewan, and Matheson areas in Ontario, and in the Ville-Marie and Belleterre areas in Quebec."--Introduction. |
| 520 | 3 |aThis booklet describes mineral, rock, and fossil occurrences in the Cobalt, Timmins, Temagami, Gowganda, Matachewan, and Matheson areas in Ontario, and in the Ville-Marie and Belleterre areas in Quebec.--Introduction |
| 546 | |aRésumé en français |
| 563 | |aSoftcover |
| 590 | |a00-14|b2000-04-07 |
| 690 | 07|aFossils|2gcpds |
| 690 | 07|aMining industry|2gcpds |
| 690 | 07|aMinerals|2gcpds |
| 720 | 1 |aSabina, Ann P. |
| 776 | 0#|tRocks and minerals for the collector : |w(CaOODSP)9.922157 |
| 830 | #0|aMiscellaneous report (Geological Survey of Canada)|v57|w(CaOODSP)9.514767 |